Hortalizas terrestres /
Guardado en:
| Autor Principal: | |
|---|---|
| Formato: | Libro |
| Idioma: | Undetermined |
| Publicado: |
Buenos Aires :
Albatros,
1976.
|
| Edición: | 1era ed. |
| Materias: | |
| Etiquetas: |
Agregar Etiqueta
Sin Etiquetas, Sea el primero en etiquetar este registro!
|
| LEADER | 00542nam a22001815a 4500 | ||
|---|---|---|---|
| 001 | CEM.cems025256 | ||
| 008 | 260702s1976####ag#a##########000#0#und#d | ||
| 005 | 20260702105154.0 | ||
| 245 | 1 | 0 | |a Hortalizas terrestres / |c Julio R Tiscornia. |
| 250 | |a 1era ed. | ||
| 260 | |a Buenos Aires : |b Albatros, |c 1976. | ||
| 300 | |a 149 p. : |b il. ; |c 20 cm. | ||
| 100 | 1 | |a Tiscornia, Julio R, |d 1976. | |
| 082 | 0 | 4 | |a 635 |
| 653 | |a Agricultura | ||
| 653 | |a Horticultura | ||
| 653 | |a Hortalizas terrestres | ||
| 859 | |a CEMS |b BIB. CEMS - Agricultura |h 635 |i T524-2 |p A3414.21 |t Ej.1 | ||
